Представление документа в формате RUSMARC

ПолеНазваниеЗначение
  Тип записи a
  Библиографический уровень a
001 Контрольный номер RU/REG73/CBS_GRAD/92f3e0c411374a1d948965a681061d13
005 Дата корректировки 20250605131939.6
100 Данные общей обработки __
a Данные общей обработки 20231013d2020####|||c0rusy0189 ca
101 Язык документа 0_
a Язык текста rus
102 Страна публикации __
a Страна публикации RU
105 Кодированные данные (монография) __
a Кодированные данные (монография) y###||||000 y
181 Поле кодированных данных: вид содержания _0
a Код вида содержания (ISBD) i#
b Код характеристики содержания (ISBD) #xxe##
200 Заглавие и сведения об ответственности 1_
a Заглавие Долгая жизнь в изобразительном искусстве
f Первые сведения об ответственности И. Морозова
e Сведения, относящиеся к заглавию [увидела свет книга-альбом заслуженного художника России Бориса Николаевича Склярука]
461 Уровень набора _0
1 2000
a Симбирскъ
463 Уровень физической единицы _0
1 2000
a № 9 (86)
v С.89-90.
1 2101
d 2020
1 001RU/REG73/CBS_GRAD/3eb13bcdb9f24204bf6155924e6cc3c3
600 Персоналии _1
a Персоналии (Фамилия) Склярук
b Персоналии (Имя, инициалы) Борис Николаевич
606 Тематические рубрики 0_
a Основная рубрика Ульяновские художники
610 Ключевые слова 0_
a Ключевые слова художники нашего края, ульяновские художники, ульяновское краеведение
686 Индексы других классификаций __
a Классификационный индекс 85.103(2)6
2 Код системы rubbk
700 Автор _1
a Фамилия Морозова
b Имя (инициалы) И.
g Полное личное имя Ирина
801 Источник записи _0
a Страна RU
b Организация RuCBSGrad
c Дата составления 20231013
g Правила каталогизации RCR
801 Источник записи _1
a Страна RU
b Организация RuCBSGrad
c Дата составления 20231013
g Правила каталогизации RCR
852 Данные о местонахождении __
a Наименование организации МБУК ЦБС г. Димитровграда
901 Тип документа __
t Тип документа b
w Контрольный № источника RU/REG73/CBS_GRAD/3eb13bcdb9f24204bf6155924e6cc3c3
909 Создатель записи __
a Создатель записи Тенигина
b Дата создания записи 20231013